Reservation policy : (Record no. 134999)

MARC details
000 -LEADER
fixed length control field 00743nam a22002297a 4500
005 - DATE AND TIME OF LATEST TRANSACTION
control field 20170124110238.0
010 ## - LIBRARY OF CONGRESS CONTROL NUMBER
LC control number B-181251
020 ## - INTERNATIONAL STANDARD BOOK NUMBER
Terms of availability 395.00
International Standard Book Number 8188340103
035 ## - SYSTEM CONTROL NUMBER
System control number B-181251
037 ## - SOURCE OF ACQUISITION
Source of stock number/acquisition Cen Lib/Ret
040 ## - CATALOGING SOURCE
Original cataloging agency DPL
Language of cataloging EN
082 ## - DEWEY DECIMAL CLASSIFICATION NUMBER
Classification number 305.56
Item number RAM
100 ## - MAIN ENTRY--PERSONAL NAME
Personal name Ram Samujh
9 (RLIN) 91109
245 ## - TITLE STATEMENT
Title Reservation policy :
Statement of responsibility, etc by Ram Samujh
Remainder of title its relevence in modern India /
260 ## - PUBLICATION, DISTRIBUTION, ETC. (IMPRINT)
Place of publication, distribution, etc Mumbai
Name of publisher, distributor, etc Samrudh Bharat Publications
Date of publication, distribution, etc 2005
270 ## - ADDRESS
Address B-6, Shalimar Apt. WE. Highway Santacruz
City Mumbai
Postal code 400055
300 ## - PHYSICAL DESCRIPTION
Extent 411p.
Dimensions 21cm(Hb)
500 ## - GENERAL NOTE
General note Includes bibliographical references
650 ## - SUBJECT ADDED ENTRY--TOPICAL TERM
Topical term or geographic name as entry element Reservation policy--India
9 (RLIN) 91110
650 ## - SUBJECT ADDED ENTRY--TOPICAL TERM
Topical term or geographic name as entry element Sonstitution - India
9 (RLIN) 91111
942 ## - ADDED ENTRY ELEMENTS (KOHA)
Source of classification or shelving scheme Dewey Decimal Classification
Koha item type English Books
Classification part 305.56
Call number suffix RAM
Holdings
Withdrawn status Lost status Damaged status Not for loan Home library Current library Date acquired Source of acquisition Cost, normal purchase price Total Checkouts Full call number Barcode Date last seen Date checked out Copy number Cost, replacement price Price effective from Koha item type
        Central Library Central Library 23/09/2015 Cen Lib/Ref 395.00 3 305.56 RAM B-181251 01/04/2021 31/03/2021 1 395.00 23/09/2015 English Books

© Delhi Public Library
Hit Counter
free hit counter